| 000 | 00760nam a22001937a 4500 | ||
|---|---|---|---|
| 008 | 190806b xxu||||| |||| 00| 0 eng d | ||
| 020 | _a044306461X | ||
| 050 | _aQR47.S25 | ||
| 100 | _aSamaranayake, L.P. | ||
| 245 |
_aEssential microbiology for dentistry. / _cL. P. Samaranayke. |
||
| 250 | _a2nd ed. | ||
| 260 |
_aOxford: _bChurchill Livingstone, _c2002. |
||
| 300 |
_axi, 293 p.: _bill.; _c30cm |
||
| 500 | _aIncludes index. | ||
| 505 | _aContents: Part 1: General microbiology -- Part 2: Basic immunology -- Part 3: Microbes of relevance to dentistry -- Part 4: Infections of relevance to dentistry -- Part 5: Oral microbiology -- Part 6: Cross-infection and control. | ||
| 700 | _aJones, Brian M. | ||
| 700 | _aScully, Crispian | ||
| 942 |
_2lcc _cBK |
||
| 999 |
_c6876 _d14376 |
||